=LDR 00000nam 2200000 4500 =001 INLIS000000000001901 =005 20241203033418 =035 ##$$a 0010-061300000001901 =008 241203################g##########0#ind## =041 ##$$a Ind =082 ##$$a 613.04 =090 ##$$a 613.04, Wit w =100 ##$$a Witkin, Georgia =245 1#$$a Wanita dan stress /$c Georgia Witkin =260 ##$$a Jakarta :$b [s.n],$c 1986 =300 ##$$a viii,171 hlm, 18 cm ; $c 10 x 20 =650 #4$$a Wanita =650 #4$$a Kesehatan =850 ##$$a NBPNMAT =020 ##$$a 979-431-005-0 =084 ##$$a 613.04 WIT w =504 ##$$a Bibliografi : hlm. 168 =990 ##$$a 46.834-46.836/Pro.92 =990 ##$$a 57.844-57.845,57.781/Pro.93 =990 ##$$a 78.498-78.500/Pro.94 =990 ##$$a 57.844/Pro.94 =990 ##$$a DW99003475 =990 ##$$a DW99003476 =990 ##$$a 00053052 =990 ##$$a 00055416 =990 ##$$a 57.845/PRO-93 =990 ##$$a 57.845/PRO-93 =990 ##$$a 46.834-46.836/Pro.92 =990 ##$$a 46.834-46.836/Pro.92 =990 ##$$a 57.844-57.845,57.781/Pro.93 =990 ##$$a 57.844-57.845,57.781/Pro.93 =990 ##$$a 78.498-78.500/Pro.94 =990 ##$$a 78.498-78.500/Pro.94 =990 ##$$a 57.844/Pro.94 =990 ##$$a 57.844/Pro.94 =990 ##$$a DW99003475 =990 ##$$a DW99003475 =990 ##$$a DW99003476 =990 ##$$a DW99003476 =990 ##$$a 00053052 =990 ##$$a 00053052